Countries With The Most Icelandic Ancestry - Statistics

General Stats
  • This quiz has been taken 41 times
  • The average score is 13 of 15
Answer Stats
Total Answer % Correct
112,800 Canada
100%
16,800 Denmark
100%
350,000 Iceland
100%
11,000 Norway
100%
5,000 Sweden
100%
85,000 United States
100%
4,200 United Kingdom
97%
2,500 Germany
94%
1,850 Spain
89%
650 Netherlands
86%
1,200 France
83%
420 Italy
83%
860 Poland
74%
4,500 Brazil
69%
800 Argentina
51%
No matching quizzes found
Score Distribution
Percent of People with Each Score
Percentile by Number Answered
Your Score History
You have not taken this quiz